000 00606nam a2200229Ia 4500
003 0100
008 130227s9999 xx 000 0 und d
020 _a0851833640
040 _cARRUPELIB
050 _aBX1961.N277
100 _aNational Catechetical Directory
245 2 _aA Catechist's handbook
245 _badapted from 'Sharing the light of faith'
260 _aLondon
260 _bCatholic Truth Society
260 _C1980
300 _axi
300 _b 210p 18cm
650 _bGreat Lakes Region--Politics
650 _cInternational relations--Great Lakes Region
942 _2lcc
_03
999 _c243
_d243